[Event "MPJ_D16"]
[Site "?"]
[Date "2016.03.15"]
[Round "3.3"]
[White "Krzywnicka, Maria"]
[Black "Kalinowska, Karolina"]
[Result "1/2-1/2"]
[BlackElo "1571"]
[WhiteElo "1646"]
[LiveChessVersion "1.4.8"]

1. e4 {[%clk 1:30:58]} e6 {[%clk 1:30:55]} 2. d4 {[%clk 1:31:14]} d5
{[%clk 1:31:19]} 3. Nd2 {[%clk 1:31:29]} Nf6 {[%clk 1:31:42]} 4. e5
{[%clk 1:31:44]} Nfd7 {[%clk 1:32:02]} 5. Bd3 {[%clk 1:31:08]} c5
{[%clk 1:32:22]} 6. c3 {[%clk 1:31:24]} Nc6 {[%clk 1:32:43]} 7. Ne2
{[%clk 1:31:41]} cxd4 {[%clk 1:32:42]} 8. cxd4 {[%clk 1:31:57]} f6
{[%clk 1:32:53]} 9. exf6 {[%clk 1:31:45]} Nxf6 {[%clk 1:33:13]} 10. Nf3
{[%clk 1:30:21]} Bd6 {[%clk 1:33:22]} 11. O-O {[%clk 1:20:18]} Qc7
{[%clk 1:33:10]} 12. Ng3 {[%clk 1:06:47]} O-O {[%clk 1:32:13]} 13. Bg5
{[%clk 0:59:13]} Bf4 {[%clk 1:19:50]} 14. Re1 {[%clk 0:47:52]} Bd7
{[%clk 1:17:23]} 15. Bxf4 {[%clk 0:45:31]} Qxf4 {[%clk 1:17:37]} 16. Rc1
{[%clk 0:44:11]} Rae8 {[%clk 1:12:16]} 17. Ne2 {[%clk 0:33:04]} Qd6
{[%clk 1:09:43]} 18. Bb5 {[%clk 0:29:30]} Ng4 {[%clk 1:06:43]} 19. h3
{[%clk 0:22:35]} Rxf3 {[%clk 1:06:07]} 20. hxg4 {[%clk 0:22:52]} Rf6
{[%clk 1:05:44]} 21. Ng3 {[%clk 0:21:51]} Ref8 {[%clk 1:03:36]} 22. Rf1
{[%clk 0:21:57]} Rf4 {[%clk 0:59:50]} 23. Bxc6 {[%clk 0:19:49]} Bxc6
{[%clk 0:50:23]} 24. Rc2 {[%clk 0:16:00]} Qb4 {[%clk 0:47:27]} 25. Rd2
{[%clk 0:15:44]} Bb5 {[%clk 0:45:21]} 26. Re1 {[%clk 0:15:30]} Bd7
{[%clk 0:40:46]} 27. a3 {[%clk 0:14:59]} Qb6 {[%clk 0:39:57]} 28. Re5
{[%clk 0:14:18]} Qc7 {[%clk 0:37:45]} 29. Rh5 {[%clk 0:09:33]} Be8
{[%clk 0:33:21]} 30. Rh3 {[%clk 0:08:47]} Bg6 {[%clk 0:26:06]} 31. f3
{[%clk 0:08:09]} Rc8 {[%clk 0:25:53]} 32. Ne2 {[%clk 0:08:11]} Rff8
{[%clk 0:25:41]} 33. f4 {[%clk 0:07:51]} Be4 {[%clk 0:23:13]} 34. Qe1
{[%clk 0:06:47]} Qa5 {[%clk 0:17:23]} 35. b4 {[%clk 0:06:02]} Qc7
{[%clk 0:15:59]} 36. Qh4 {[%clk 0:04:44]} Qd8 {[%clk 0:13:20]} 37. g5
{[%clk 0:03:35]} Rc4 {[%clk 0:12:07]} 38. g4 {[%clk 0:03:01]} Bg6
{[%clk 0:11:29]} 39. Re3 {[%clk 0:02:05]} Qc8 {[%clk 0:09:58]} 40. Qg3
{[%clk 0:31:50]} Qd7 {[%clk 0:33:38]} 41. Kh2 {[%clk 0:29:38]} Rfc8
{[%clk 0:30:14]} 42. Ng1 {[%clk 0:25:19]} Rc2 {[%clk 0:28:47]} 43. Rde2
{[%clk 0:21:15]} Rxe2+ {[%clk 0:28:30]} 44. Rxe2 {[%clk 0:21:25]} Be4
{[%clk 0:26:32]} 45. Nh3 {[%clk 0:10:46]} Qb5 {[%clk 0:22:56]} 46. Qe3
{[%clk 0:09:55]} Qxe2+ {[%clk 0:12:34]} 47. Qxe2 {[%clk 0:10:06]} Rc2
{[%clk 0:13:03]} 48. Qxc2 {[%clk 0:10:25]} Bxc2 {[%clk 0:13:11]} 49. Nf2
{[%clk 0:10:15]} Kf7 {[%clk 0:13:13]} 50. Kg3 {[%clk 0:09:52]} Ke7
{[%clk 0:12:14]} 51. Kf3 {[%clk 0:09:26]} Kd6 {[%clk 0:09:10]} 52. Ke3
{[%clk 0:08:55]} Kc6 {[%clk 0:08:12]} 53. Nd3 {[%clk 0:07:35]} Bxd3
{[%clk 0:07:14]} 54. Kxd3 {[%clk 0:07:56]} g6 {[%clk 0:04:09]} 55. a4
{[%clk 0:06:32]} b5 {[%clk 0:03:44]} 56. a5 {[%clk 0:06:45]} Kd6 {[%clk 0:03:51]}
57. Ke3 {[%clk 0:06:32]} Ke7 {[%clk 0:04:17]} 58. Kf3 {[%clk 0:06:26]} 1/2-1/2

[Event "MPJ_D16"]
[Site "?"]
[Date "2016.03.15"]
[Round "3.4"]
[White "Parol, Pola"]
[Black "Daliga, Anita"]
[Result "1-0"]
[BlackElo "1632"]
[WhiteElo "1893"]
[LiveChessVersion "1.4.8"]

1. e4 {[%clk 1:30:57]} e5 {[%clk 1:30:51]} 2. Nf3 {[%clk 1:31:14]} Nc6
{[%clk 1:31:05]} 3. Bb5 {[%clk 1:31:21]} a6 {[%clk 1:31:08]} 4. Ba4
{[%clk 1:31:42]} Bc5 {[%clk 1:31:22]} 5. c3 {[%clk 1:31:52]} b5 {[%clk 1:30:31]}
6. Bb3 {[%clk 1:29:22]} Nf6 {[%clk 1:27:47]} 7. d4 {[%clk 1:27:11]} exd4
{[%clk 1:25:43]} 8. e5 {[%clk 1:26:58]} Ng4 {[%clk 1:15:58]} 9. cxd4
{[%clk 1:09:28]} Bb4+ {[%clk 1:13:58]} 10. Nc3 {[%clk 1:08:26]} d6
{[%clk 1:07:21]} 11. h3 {[%clk 1:04:39]} Nh6 {[%clk 1:02:05]} 12. Bxh6
{[%clk 1:03:24]} gxh6 {[%clk 1:01:10]} 13. Bd5 {[%clk 0:57:24]} Bb7
{[%clk 0:51:12]} 14. Qb3 {[%clk 0:53:56]} Bxc3+ {[%clk 0:42:23]} 15. Qxc3
{[%clk 0:52:34]} Qd7 {[%clk 0:39:18]} 16. Rc1 {[%clk 0:47:20]} Nd8
{[%clk 0:35:27]} 17. Bxb7 {[%clk 0:46:29]} Nxb7 {[%clk 0:35:45]} 18. Qxc7
{[%clk 0:46:09]} Ke7 {[%clk 0:32:20]} 19. exd6+ {[%clk 0:44:12]} Nxd6
{[%clk 0:32:27]} 20. O-O {[%clk 0:42:59]} Qxc7 {[%clk 0:29:59]} 21. Rxc7+
{[%clk 0:43:22]} Kf6 {[%clk 0:29:56]} 22. Rc6 {[%clk 0:38:06]} Rhd8
{[%clk 0:29:17]} 23. Rfc1 {[%clk 0:36:29]} Kg7 {[%clk 0:27:44]} 24. Ne5
{[%clk 0:32:24]} Nf5 {[%clk 0:25:22]} 25. Rc7 {[%clk 0:31:52]} Nxd4
{[%clk 0:23:54]} 26. Rxf7+ {[%clk 0:30:47]} Kg8 {[%clk 0:24:15]} 27. Rcc7
{[%clk 0:30:23]} Ne6 {[%clk 0:23:01]} 28. Rce7 {[%clk 0:28:25]} Re8
{[%clk 0:19:56]} 29. Ng4 {[%clk 0:24:58]} Rxe7 {[%clk 0:17:46]} 30. Nxh6+
{[%clk 0:25:19]} Kh8 {[%clk 0:18:08]} 31. Rxe7 {[%clk 0:25:43]} Nc5
{[%clk 0:17:49]} 32. Ng4 {[%clk 0:25:24]} Rf8 {[%clk 0:17:25]} 33. Ne5
{[%clk 0:23:26]} Rf5 {[%clk 0:16:11]} 34. Nf7+ {[%clk 0:23:36]} Kg7
{[%clk 0:15:40]} 35. Nd6+ {[%clk 0:23:47]} Kf6 {[%clk 0:15:40]} 36. Nxf5
{[%clk 0:23:55]} Kxf5 {[%clk 0:16:00]} 37. Rxh7 {[%clk 0:24:16]} Nd3
{[%clk 0:16:09]} 38. Ra7 {[%clk 0:24:21]} Nxb2 {[%clk 0:16:20]} 39. Rxa6
{[%clk 0:24:45]} Nc4 {[%clk 0:16:40]} 40. Rc6 {[%clk 0:54:42]} Ke4
{[%clk 0:46:46]} 41. a4 {[%clk 0:54:35]} Kd5 {[%clk 0:46:15]} 42. axb5
{[%clk 0:54:53]} Na3 {[%clk 0:46:11]} 43. Rb6 {[%clk 0:55:06]} Kc5
{[%clk 0:46:31]} 44. Rb8 {[%clk 0:55:31]} Nxb5 {[%clk 0:46:51]} 45. Rxb5+
{[%clk 0:55:56]} Kxb5 {[%clk 0:47:17]} 46. h4 {[%clk 0:56:15]} 1-0

[Event "MPJ_D16"]
[Site "?"]
[Date "2016.03.15"]
[Round "3.5"]
[White "Karykowska, Anna"]
[Black "Kwiatkowska, Agnieszka"]
[Result "1/2-1/2"]
[BlackElo "1643"]
[WhiteElo "1832"]
[LiveChessVersion "1.4.8"]

1. e4 {[%clk 1:30:57]} d5 {[%clk 1:30:47]} 2. exd5 {[%clk 1:31:12]} Qxd5
{[%clk 1:31:11]} 3. Nc3 {[%clk 1:31:34]} Qa5 {[%clk 1:31:35]} 4. d4
{[%clk 1:31:36]} Nf6 {[%clk 1:31:58]} 5. Nf3 {[%clk 1:31:35]} c6 {[%clk 1:32:16]}
6. Ne5 {[%clk 1:31:14]} Be6 {[%clk 1:31:24]} 7. Nc4 {[%clk 1:30:59]} Bxc4
{[%clk 1:31:19]} 8. Bxc4 {[%clk 1:31:24]} e6 {[%clk 1:31:40]} 9. O-O
{[%clk 1:23:32]} Bd6 {[%clk 1:31:48]} 10. Re1 {[%clk 1:20:26]} O-O
{[%clk 1:30:45]} 11. Ne4 {[%clk 1:15:13]} Nxe4 {[%clk 1:22:02]} 12. Rxe4
{[%clk 1:15:35]} Nd7 {[%clk 1:22:15]} 13. Bf4 {[%clk 1:06:30]} Bxf4
{[%clk 1:19:45]} 14. Rxf4 {[%clk 1:06:45]} Nf6 {[%clk 1:16:58]} 15. c3
{[%clk 1:03:29]} Rad8 {[%clk 1:09:55]} 16. Qc2 {[%clk 0:59:50]} Qc7
{[%clk 0:59:45]} 17. Rh4 {[%clk 0:55:03]} e5 {[%clk 0:56:36]} 18. Rd1
{[%clk 0:48:06]} exd4 {[%clk 0:56:16]} 19. Rhxd4 {[%clk 0:44:42]} Rxd4
{[%clk 0:56:25]} 20. Rxd4 {[%clk 0:43:18]} Rd8 {[%clk 0:54:37]} 21. Rxd8+
{[%clk 0:39:28]} Qxd8 {[%clk 0:54:58]} 22. h3 {[%clk 0:39:06]} Qe7
{[%clk 0:54:18]} 23. Qd2 {[%clk 0:33:51]} Qd7 {[%clk 0:53:54]} 24. Qe2
{[%clk 0:28:32]} Qe8 {[%clk 0:53:26]} 25. Qxe8+ {[%clk 0:27:37]} Nxe8
{[%clk 0:53:47]} 26. Kf1 {[%clk 0:27:59]} Nd6 {[%clk 0:54:10]} 27. Bd3
{[%clk 0:28:17]} g6 {[%clk 0:53:54]} 28. Ke2 {[%clk 0:27:23]} Kg7
{[%clk 0:53:56]} 29. Ke3 {[%clk 0:25:16]} Kf6 {[%clk 0:53:59]} 30. Kd4
{[%clk 0:22:06]} Ke6 {[%clk 0:52:00]} 31. a4 {[%clk 0:20:08]} b6 {[%clk 0:51:28]}
32. b4 {[%clk 0:17:58]} f5 {[%clk 0:47:45]} 33. c4 {[%clk 0:13:57]} Nb7
{[%clk 0:46:39]} 34. c5 {[%clk 0:10:47]} bxc5+ {[%clk 0:47:01]} 35. bxc5
{[%clk 0:11:12]} a5 {[%clk 0:46:29]} 36. Ba6 {[%clk 0:09:39]} Nd8
{[%clk 0:46:42]} 37. Bc4+ {[%clk 0:08:32]} Kf6 {[%clk 0:47:02]} 38. f4
{[%clk 0:07:47]} h5 {[%clk 0:46:02]} 39. h4 {[%clk 0:06:48]} Ne6+
{[%clk 0:46:12]} 40. Bxe6 {[%clk 0:36:42]} Kxe6 {[%clk 1:16:29]} 41. g3
{[%clk 0:36:49]} 1/2-1/2

[Event "MPJ_D16"]
[Site "?"]
[Date "2016.03.15"]
[Round "3.6"]
[White "Trybowska, Barbara"]
[Black "Kaczmarska, Joanna"]
[Result "1/2-1/2"]
[BlackElo "2013"]
[WhiteElo "1536"]
[LiveChessVersion "1.4.8"]

1. e4 {[%clk 1:30:30]} d5 {[%clk 1:30:49]} 2. exd5 {[%clk 1:30:53]} Nf6
{[%clk 1:31:11]} 3. d4 {[%clk 1:31:15]} Nxd5 {[%clk 1:31:33]} 4. Nf3
{[%clk 1:31:25]} Bf5 {[%clk 1:30:59]} 5. Bd3 {[%clk 1:30:21]} Bxd3
{[%clk 1:26:35]} 6. Qxd3 {[%clk 1:30:39]} c6 {[%clk 1:26:00]} 7. c3
{[%clk 1:28:29]} e6 {[%clk 1:26:10]} 8. O-O {[%clk 1:27:03]} Bd6 {[%clk 1:25:37]}
9. Re1 {[%clk 1:22:58]} Nf4 {[%clk 1:15:53]} 10. Bxf4 {[%clk 1:20:17]} Bxf4
{[%clk 1:16:02]} 11. Nbd2 {[%clk 1:16:28]} Nd7 {[%clk 1:13:15]} 12. Qe4
{[%clk 1:13:32]} Bc7 {[%clk 1:08:53]} 13. Qc2 {[%clk 1:06:51]} O-O
{[%clk 1:08:00]} 14. Ne4 {[%clk 1:03:24]} h6 {[%clk 1:06:13]} 15. Rad1
{[%clk 1:01:16]} Kh8 {[%clk 1:05:37]} 16. Ng3 {[%clk 0:57:06]} Nf6
{[%clk 1:04:40]} 17. Ne5 {[%clk 0:53:21]} Nd5 {[%clk 1:01:17]} 18. Qe2
{[%clk 0:46:27]} Qe8 {[%clk 0:54:34]} 19. Nh5 {[%clk 0:36:18]} Rd8
{[%clk 0:33:47]} 20. Qg4 {[%clk 0:28:25]} Rg8 {[%clk 0:25:29]} 21. c4
{[%clk 0:23:54]} Ne7 {[%clk 0:20:31]} 22. Qf4 {[%clk 0:19:33]} Bxe5
{[%clk 0:10:41]} 23. dxe5 {[%clk 0:17:46]} Rxd1 {[%clk 0:07:51]} 24. Rxd1
{[%clk 0:18:10]} Ng6 {[%clk 0:08:04]} 25. Qe3 {[%clk 0:17:35]} Qe7
{[%clk 0:07:30]} 26. Nf4 {[%clk 0:12:59]} Rd8 {[%clk 0:04:12]} 27. Nxg6+
{[%clk 0:12:10]} fxg6 {[%clk 0:04:37]} 28. Rxd8+ {[%clk 0:12:33]} Qxd8
{[%clk 0:05:02]} 29. g3 {[%clk 0:12:31]} Qd1+ {[%clk 0:04:59]} 30. Kg2
{[%clk 0:12:56]} Qb1 {[%clk 0:04:38]} 31. Qxa7 {[%clk 0:11:24]} Qe4+
{[%clk 0:03:44]} 32. Kg1 {[%clk 0:11:22]} Qe1+ {[%clk 0:03:34]} 33. Kg2
{[%clk 0:11:47]} Qe4+ {[%clk 0:01:40]} 34. Kg1 {[%clk 0:12:11]} Qb1+
{[%clk 0:00:50]} 35. Kg2 {[%clk 0:12:37]} Qe4+ {[%clk 0:01:02]} 36. Kg1
{[%clk 0:13:01]} Qe1+ {[%clk 0:01:08]} 37. Kg2 {[%clk 0:13:26]} Qe4+
{[%clk 0:01:09]} 38. Kg1 {[%clk 0:13:51]} Qe1+ {[%clk 0:00:48]} 39. Kg2
{[%clk 0:14:16]} Qe4+ {[%clk 0:00:55]} 40. Kg1 {[%clk 0:14:42]} Qb1+
{[%clk 0:31:18]} 41. Kg2 {[%clk 0:45:07]} Qe4+ {[%clk 0:20:34]} 42. Kg1
{[%clk 0:45:32]} Qe1+ {[%clk 0:20:49]} 43. Kg2 {[%clk 0:45:57]} Qe4+
{[%clk 0:21:15]} 44. Kg1 {[%clk 0:46:22]} 1/2-1/2

[Event "MPJ_D16"]
[Site "?"]
[Date "2016.03.15"]
[Round "3.7"]
[White "Jurkiewicz, Zuzanna"]
[Black "Dwilewicz, Agata"]
[Result "1/2-1/2"]
[BlackElo "1813"]
[WhiteElo "1632"]
[LiveChessVersion "1.4.8"]

1. Nc3 {[%clk 1:30:47]} d5 2. e4 dxe4 {[%clk 1:24:36]} 3. Nxe4 {[%clk 1:30:08]}
g6 {[%clk 1:19:44]} 4. Bc4 {[%clk 1:15:51]} Bg7 {[%clk 1:16:08]} 5. Nf3
{[%clk 1:11:23]} Nf6 {[%clk 1:14:45]} 6. Ng3 {[%clk 1:06:28]} O-O
{[%clk 1:14:34]} 7. O-O {[%clk 1:06:09]} Nc6 {[%clk 1:13:06]} 8. a3
{[%clk 1:02:25]} b6 {[%clk 1:09:11]} 9. d3 {[%clk 0:55:40]} Bb7 {[%clk 1:07:21]}
10. Re1 {[%clk 0:54:10]} Qd7 {[%clk 1:05:23]} 11. Ng5 {[%clk 0:46:06]} e5
{[%clk 0:52:55]} 12. N5e4 {[%clk 0:36:44]} Nd5 {[%clk 0:47:50]} 13. f3
{[%clk 0:15:46]} Kh8 {[%clk 0:46:40]} 14. Bd2 {[%clk 0:11:24]} Nf4
{[%clk 0:41:01]} 15. Nc3 {[%clk 0:04:38]} Nd4 {[%clk 0:37:14]} 16. Bxf4
{[%clk 0:02:45]} exf4 {[%clk 0:37:43]} 17. Nge4 {[%clk 0:02:25]} Nf5
{[%clk 0:37:29]} 18. Qd2 {[%clk 0:01:24]} Bd4+ {[%clk 0:34:19]} 19. Kh1
{[%clk 0:01:36]} Be3 {[%clk 0:34:26]} 20. Qd1 {[%clk 0:01:37]} Kg7
{[%clk 0:28:05]} 21. Ba2 {[%clk 0:00:57]} Nd4 {[%clk 0:27:19]} 22. Ne2
{[%clk 0:00:55]} Ne6 {[%clk 0:20:14]} 23. Bxe6 {[%clk 0:01:02]} Qxe6
{[%clk 0:19:21]} 24. N2c3 {[%clk 0:00:51]} f5 {[%clk 0:19:29]} 25. Nd2
{[%clk 0:01:03]} Ba6 {[%clk 0:17:34]} 26. Nb3 {[%clk 0:01:04]} Rad8
{[%clk 0:16:56]} 27. Ne2 {[%clk 0:01:05]} Qf6 {[%clk 0:16:24]} 28. Nc3
{[%clk 0:00:57]} c5 {[%clk 0:16:02]} 29. Qe2 {[%clk 0:00:41]} Qf7
{[%clk 0:15:13]} 30. Nd2 {[%clk 0:00:35]} Rfe8 {[%clk 0:15:00]} 31. Nf1
{[%clk 0:00:33]} c4 {[%clk 0:14:06]} 32. Nxe3 {[%clk 0:00:55]} cxd3
{[%clk 0:13:18]} 33. cxd3 {[%clk 0:00:57]} Rxe3 {[%clk 0:10:35]} 34. Qf2
{[%clk 0:00:52]} Rexd3 {[%clk 0:08:12]} 35. Qh4 {[%clk 0:00:36]} R8d7
{[%clk 0:04:23]} 36. Qxf4 Qf6 {[%clk 0:02:30]} 37. Qa4 {[%clk 0:00:44]} Bb7
{[%clk 0:02:15]} 38. Qf4 {[%clk 0:00:40]} g5 {[%clk 0:02:28]} 39. Qg3
{[%clk 0:00:36]} h5 {[%clk 0:01:11]} 40. Rad1 {[%clk 0:30:47]} Rxd1
{[%clk 0:30:49]} 41. Rxd1 {[%clk 0:31:00]} Rxd1+ {[%clk 0:30:27]} 42. Nxd1
{[%clk 0:31:17]} f4 {[%clk 0:28:00]} 43. Qe1 {[%clk 0:28:53]} Qd6
{[%clk 0:25:21]} 44. Qc3+ {[%clk 0:28:35]} Kg6 {[%clk 0:25:32]} 45. Qc2+
{[%clk 0:26:02]} Kf6 {[%clk 0:24:28]} 46. Nc3 {[%clk 0:24:39]} Qe7
{[%clk 0:18:20]} 47. Qd2 {[%clk 0:22:43]} Kg7 {[%clk 0:15:35]} 48. Qd4+
{[%clk 0:22:19]} Kg6 {[%clk 0:15:11]} 49. Qd3+ {[%clk 0:20:55]} 1/2-1/2

[Event "MPJ_D16"]
[Site "?"]
[Date "2016.03.15"]
[Round "3.8"]
[White "Buchta, Agnieszka"]
[Black "Guzik, Natalia"]
[Result "1-0"]
[BlackElo "1619"]
[WhiteElo "1807"]
[LiveChessVersion "1.4.8"]

1. e4 {[%clk 1:31:20]} c5 {[%clk 1:29:28]} 2. b3 {[%clk 1:31:38]} Nc6
{[%clk 1:19:02]} 3. Bb2 {[%clk 1:31:11]} d6 {[%clk 1:12:28]} 4. Bb5
{[%clk 1:30:50]} Bd7 {[%clk 1:08:39]} 5. f4 {[%clk 1:30:50]} e6 {[%clk 1:08:39]}
6. Nf3 {[%clk 1:30:50]} Nf6 {[%clk 1:08:39]} 7. d3 {[%clk 1:30:50]} Be7
{[%clk 1:04:52]} 8. O-O {[%clk 1:27:04]} O-O {[%clk 1:04:52]} 9. Nbd2
{[%clk 1:27:04]} a6 {[%clk 1:04:52]} 10. Bxc6 {[%clk 1:27:04]} Bxc6
{[%clk 1:04:52]} 11. Qe1 {[%clk 1:27:04]} b5 {[%clk 0:56:48]} 12. Qg3
{[%clk 1:24:59]} Nh5 {[%clk 0:53:38]} 13. Qg4 {[%clk 1:21:25]} Nf6
{[%clk 0:52:56]} 14. Qh3 {[%clk 1:13:39]} Rb8 {[%clk 0:47:54]} 15. e5
{[%clk 1:10:15]} Nd5 {[%clk 0:47:54]} 16. exd6 {[%clk 1:10:15]} Bxd6
{[%clk 0:47:54]} 17. Ne5 {[%clk 0:57:07]} Ba8 {[%clk 0:26:38]} 18. Ne4
{[%clk 0:53:10]} Be7 {[%clk 0:23:22]} 19. Rae1 {[%clk 0:38:46]} Qb6
{[%clk 0:18:00]} 20. Nd7 Qc7 {[%clk 0:14:51]} 21. Nxb8 {[%clk 0:28:48]} Qxb8
{[%clk 0:12:35]} 22. Qg4 {[%clk 0:21:35]} g6 {[%clk 0:12:38]} 23. Ng5
{[%clk 0:20:27]} Qb7 {[%clk 0:08:48]} 24. Qh3 {[%clk 0:16:28]} Bxg5
{[%clk 0:03:47]} 25. fxg5 {[%clk 0:16:50]} c4 {[%clk 0:03:49]} 26. Bf6
{[%clk 0:12:21]} cxb3 {[%clk 0:03:54]} 27. axb3 {[%clk 0:12:03]} Rc8
{[%clk 0:02:50]} 28. c4 {[%clk 0:07:50]} Nxf6 {[%clk 0:01:49]} 29. gxf6
{[%clk 0:08:09]} Rc5 {[%clk 0:01:50]} 30. d4 Rg5 {[%clk 0:01:44]} 31. d5
{[%clk 0:04:04]} h5 {[%clk 0:02:04]} 32. Qe3 {[%clk 0:03:36]} Rg4
{[%clk 0:00:57]} 33. Qh6 {[%clk 0:02:34]} 1-0

[Event "MPJ_D16"]
[Site "?"]
[Date "2016.03.15"]
[Round "3.9"]
[White "Ciesinska, Weronika"]
[Black "Leczek, Weronika"]
[Result "1-0"]
[BlackElo "1766"]
[WhiteElo "1584"]
[LiveChessVersion "1.4.8"]

1. e4 {[%clk 1:30:58]} c5 {[%clk 1:30:54]} 2. Nc3 {[%clk 1:31:24]} g6
{[%clk 1:31:13]} 3. f4 {[%clk 1:31:49]} Bg7 {[%clk 1:31:37]} 4. Nf3
{[%clk 1:32:10]} Nc6 {[%clk 1:31:59]} 5. Bb5 {[%clk 1:32:20]} Nd4
{[%clk 1:32:13]} 6. O-O {[%clk 1:32:41]} e6 {[%clk 1:32:34]} 7. e5
{[%clk 1:25:20]} Ne7 {[%clk 1:28:12]} 8. Nxd4 {[%clk 1:23:12]} cxd4
{[%clk 1:28:34]} 9. Ne4 {[%clk 1:22:40]} O-O {[%clk 1:27:43]} 10. Qe1
{[%clk 1:14:30]} Qb6 {[%clk 1:20:41]} 11. Bd3 {[%clk 1:14:45]} Nd5
{[%clk 1:14:06]} 12. b3 {[%clk 1:06:09]} f6 {[%clk 1:06:12]} 13. Ba3
{[%clk 1:02:32]} Nb4 {[%clk 0:58:23]} 14. Qh4 {[%clk 0:56:09]} f5
{[%clk 0:51:50]} 15. Ng5 {[%clk 0:45:45]} h6 {[%clk 0:51:15]} 16. Nf3
{[%clk 0:45:54]} Kf7 {[%clk 0:35:42]} 17. g4 {[%clk 0:38:46]} Qa5
{[%clk 0:23:50]} 18. Bxb4 {[%clk 0:39:00]} Qxb4 {[%clk 0:24:13]} 19. gxf5
{[%clk 0:38:55]} gxf5 {[%clk 0:23:17]} 20. h3 {[%clk 0:35:39]} Rg8
{[%clk 0:22:30]} 21. Kh2 {[%clk 0:35:46]} b6 {[%clk 0:22:12]} 22. a3
{[%clk 0:33:19]} Qc5 {[%clk 0:21:27]} 23. Rg1 {[%clk 0:32:08]} Bb7
{[%clk 0:21:48]} 24. Qh5+ {[%clk 0:30:35]} Ke7 {[%clk 0:21:45]} 25. Rg3
{[%clk 0:25:12]} Raf8 {[%clk 0:19:26]} 26. Rag1 {[%clk 0:23:25]} Rf7
{[%clk 0:19:39]} 27. Nh4 {[%clk 0:16:39]} Qxa3 {[%clk 0:14:19]} 28. Bxf5
{[%clk 0:11:59]} Qa5 {[%clk 0:12:17]} 29. Bh7 {[%clk 0:08:43]} Qxd2+
{[%clk 0:11:20]} 30. Ng2 {[%clk 0:08:26]} Rc8 {[%clk 0:09:40]} 31. Qh4+
{[%clk 0:05:47]} Kf8 {[%clk 0:10:02]} 32. Bg6 {[%clk 0:05:05]} Re7
{[%clk 0:10:24]} 33. Qg4 {[%clk 0:04:51]} Kg8 {[%clk 0:08:43]} 34. Qh4
{[%clk 0:03:50]} Kf8 {[%clk 0:09:06]} 35. Bh7 {[%clk 0:02:47]} Rce8
{[%clk 0:02:19]} 36. Rg6 {[%clk 0:01:08]} Rf7 {[%clk 0:02:29]} 37. Rg4
{[%clk 0:00:52]} Bf3 {[%clk 0:02:03]} 38. Rg3 {[%clk 0:00:41]} Bxg2
{[%clk 0:01:14]} 39. R3xg2 {[%clk 0:00:58]} Rxf4 {[%clk 0:01:24]} 40. Qg3
{[%clk 0:31:14]} Bxe5 {[%clk 0:30:47]} 41. Rxd2 {[%clk 0:30:22]} Ke7
{[%clk 0:30:51]} 42. Kg2 {[%clk 0:28:42]} Ref8 {[%clk 0:30:46]} 43. Kh1
{[%clk 0:25:32]} R8f7 {[%clk 0:30:42]} 44. Bd3 {[%clk 0:24:33]} d6
{[%clk 0:30:39]} 45. Rdg2 {[%clk 0:23:38]} Kd7 {[%clk 0:29:59]} 46. Qe1
{[%clk 0:22:58]} Rf3 {[%clk 0:29:25]} 47. Qh4 {[%clk 0:21:20]} d5
{[%clk 0:29:11]} 48. Qxh6 {[%clk 0:19:33]} Rf8 {[%clk 0:29:26]} 49. Rg8
{[%clk 0:17:51]} R8f6 {[%clk 0:29:47]} 50. Bb5+ {[%clk 0:16:56]} Kd6
{[%clk 0:30:11]} 51. Qh4 {[%clk 0:13:37]} Rf2 {[%clk 0:29:32]} 52. Qxf2
{[%clk 0:12:14]} Rxf2 {[%clk 0:29:58]} 53. R1g2 {[%clk 0:11:56]} Rf3
{[%clk 0:30:27]} 54. Kg1 {[%clk 0:11:00]} Rxh3 {[%clk 0:30:51]} 55. Bd3
{[%clk 0:10:45]} Bf4 {[%clk 0:31:00]} 56. Rf8 {[%clk 0:10:03]} Be3+
{[%clk 0:31:21]} 57. Kf1 {[%clk 0:09:53]} e5 {[%clk 0:31:39]} 58. Rf7
{[%clk 0:08:11]} e4 {[%clk 0:32:01]} 59. Ba6 {[%clk 0:07:25]} Rh1+
{[%clk 0:31:40]} 60. Ke2 {[%clk 0:07:27]} Rc1 {[%clk 0:32:01]} 61. Rg6+
{[%clk 0:05:26]} Kc5 {[%clk 0:32:28]} 62. Rc7+ {[%clk 0:05:15]} Kb4
{[%clk 0:32:56]} 63. Rgg7 {[%clk 0:04:01]} Bf4 {[%clk 0:32:34]} 64. Rc8
{[%clk 0:03:55]} Ra1 {[%clk 0:22:48]} 65. Bb7 {[%clk 0:04:14]} Ra2
{[%clk 0:22:43]} 66. Bxd5 {[%clk 0:01:43]} d3+ {[%clk 0:22:58]} 67. Kf1
{[%clk 0:00:44]} Ra1+ {[%clk 0:20:02]} 68. Kg2 {[%clk 0:00:44]} d2
{[%clk 0:18:31]} 69. Rc4+ {[%clk 0:00:44]} Kb5 {[%clk 0:18:43]} 70. Bc6+
{[%clk 0:00:39]} Ka6 {[%clk 0:19:04]} 71. Rd7 {[%clk 0:00:46]} b5
{[%clk 0:15:58]} 72. Rcd4 {[%clk 0:00:38]} e3 {[%clk 0:15:47]} 73. Bf3
{[%clk 0:00:36]} Be5 {[%clk 0:12:21]} 74. Re4 {[%clk 0:00:51]} Bc3
{[%clk 0:12:27]} 75. Re6+ {[%clk 0:00:43]} Ka5 {[%clk 0:12:52]} 76. Rxa7+
{[%clk 0:00:44]} Kb4 {[%clk 0:13:18]} 77. Rxa1 {[%clk 0:01:05]} Bxa1
{[%clk 0:13:46]} 78. Rxe3 {[%clk 0:01:24]} Bb2 {[%clk 0:14:07]} 79. Kf1
{[%clk 0:01:20]} Bc1 {[%clk 0:14:36]} 80. Rd3 {[%clk 0:01:08]} Ka3
{[%clk 0:15:00]} 81. Ke2 1-0